| 000 | 00777nam a22002412 4500 | ||
|---|---|---|---|
| 001 | 0000000726 | ||
| 005 | 20151217151755.0 | ||
| 008 | 070216s xx 000 0 eng d | ||
| 020 | _cKES 540 | ||
| 040 |
_aKABU _cKABU |
||
| 050 | 0 |
_aBS520 _b.F74 1996 |
|
| 100 | 1 |
_aFreeman, James M. _@0000061494 |
|
| 245 | 1 | 0 |
_aManners and customs of the Bible / _cJames M. Freeman. |
| 260 |
_aSpringdale, PA : _bWhitaker House, _c1996. |
||
| 300 | _a515 p. | ||
| 600 | 1 | 0 |
_aJews, _dSocial life and customs. _@0000148941 |
| 650 | 0 |
_aSociology, Biblical. _@0000159883 |
|
| 908 | _a070216 | ||
| 950 | _@1 | ||
| 999 |
_c4875 _d4875 |
||